000 00487nam a2200205Ia 4500
999 _c62769
_d62769
003 0100
005 20180104152202.0
008 130303s9999 xx 000 0 und d
040 _cARRUPELIB
050 _aGR360.B9M36
100 _aMarkowitz, Arthur
_938289
245 4 _aThe rebirth of the ostrich
260 _aGaborone
_bNational Museum and Art Gallery
300 _a76p.
300 _b 22cm
650 _aSan (African people)
_xFolklore
_938290
942 _2lcc
_cMONOGRAPH